000 00474nam a2200181Ia 4500
001 7893
005 20260306160529.0
008 260306t2012||||xx |||||||||||||| ||spa||
041 _aESP
082 _a363.69
_bS42
100 _aSerna Torroba, Juan de la (ed.)
_eAUT
245 0 _aProyectos Perú, 1990-2011:
_bPrograma Patrimonio para el Desarrollo
260 _c2012
300 _a601 páginas :
_c28 cm.
650 _aGEN
654 _aCAN
942 _cLIB
_dJUS
_fJUS
_2ddc
_n
999 _c7893
_d7893